Statistics for NBA 2017 Top 5 Players at Each Position

Click here to take the quiz!

General Stats

  • This quiz has been taken 1,852 times
  • The average score is 15 of 25

Answer Stats

Pos/RankPlayer% Correct
PG 5Stephen Curry
98%
SF 1LeBron James
94%
PG 1Russell Westbrook
90%
PG 2James Harden
88%
PF 1Kevin Durant
87%
PG 4Chris Paul
85%
SG 1Klay Thompson
76%
PF 2Anthony Davis
72%
SF 2Kawhi Leonard
70%
C 2DeMarcus Cousins
68%
SF 5Paul George
66%
PF 3Draymond Green
62%
SG 4Dwyane Wade
54%
SF 4Jimmy Butler
54%
SG 2DeMar Derozan
52%
PG 3Isaiah Thomas
52%
C 1Karl-Anthony Towns
51%
C 5Joel Embiid
50%
SF 3Giannis Antetokounmpo
45%
SG 3Devin Booker
41%
C 4Andre Drummond
40%
SG 5CJ McCollum
32%
PF 4Kristaps Porzingis
31%
C 3Hassan Whiteside
30%
PF 5Paul Millsap
26%

Score Distribution

Percentile by Number Answered

Percent of People with Each Score

Your Score History

You have not taken this quiz